000 00548nam a2200181Ia 4500
005 20250508153305.0
008 008 250505s9999 xx 000 0 eng d
037 _aTextual
040 _aFEDL
_beng
_cFEDL
041 _aeng
_2eng
084 _a371.42, MOH
_qFEDL
100 _aMohsin S M
_9739721
245 0 _aPractical hand book of guidance in secondary schools
260 _aBihar, India
_bEducational and Vocational Gudiance Bureau
_c1959
300 _aiii,167p.
942 _cTEXL
_h371.42, MOH
999 _c1341778
_d1341778